00600nam a2200193Ia 4500008004100000020001300041040001900054041001200073082003100085100002000116245006600136260006500202300002100267504001900288650002600307651002900333700002000362850002400382131103s9999 xx 000 0 und d a74634542 aLoreto College aEnglish a005.13(C)/VENbLCLIB/46046 aVenugopal, K.R. aMastering C++cK.R. Venugopal, Rajkumar Buyya, T. Ravishankar aNew DelhibTata McGraw-Hill Publishing Company Limitedc1999 axx,804p c 24 cm aIncludes index aProgramming Languages aC++ Programming Language aBuyya, Rajkumar aLCLIB/005.13(C)/VEN